000 00334nam a22001337a 4500
008 180116b xxu||||| |||| 00| 0 eng d
020 _a9780205006397
041 _aeng
080 _a32
100 _a19
101 _aPOL
245 _aState and local politics: Government by the people
_cMagleby,D.B
942 _2udc
_cBK
999 _c40367
_d40367